Wybitne postacie polskiego oświecenia - Statystyki

Ogólne statystyki
  • Ten quiz został rozwiązany 19 razy
  • Średni wynik to 5 z 14
Statystyki odpowiedzi
Opis Postać % Poprawnych
Ostatni władca Rzeczypospolitej Obojga Narodów. Wydawał słynne "obiady czwartkowe". Stanisław August Poniatowski
100%
Książę Biskup Warmiński. Autor satyry "Do króla" i pierwszej polskiej powieści nowożytnej. Ignacy Krasicki
78%
Duchowny, polityk, mąż stanu, historyk i geograf. Jeden z twórców Konstytucji 3 Maja. Hugo Kołłątaj
61%
Literat: poeta, dramaturg, bajkopisarz, publicysta. Autor "Powrotu posła". Od jego rodowego przydomka wzięła swoją nazwę jedna z dzielnic Warszawy. Julian Ursyn Niemcewicz
50%
Duchowny, jeden z czołowych przedstawicieli polskiego oświecenia. Pisarz, publicysta, filozof. Wybitny geograf i geolog ziem polskich. Działał politycznie również po upadku Rzeczypospolitej. Stanisław Staszic
44%
Literat, twórca i główny przedstawiciel nurtu sentymentalnego w polskiej liryce. Autor sielanki "Laura i Filon" oraz tekstu kolędy "Bóg się rodzi". Franciszek Karpiński
33%
Arystokrata, marszałek Sejmu Czteroletniego. Jeden z twórców Konstytucji 3 Maja. Stanisław Małachowski
33%
Wenecjanin, nadworny malarz ostatniego władcy Rzeczypospolitej. Autor wedut (pejzaży miejskich), przedstawiających warszawskie ulice. Bernardo Bellotto (Canaletto)
28%
Duchowny, pijar, literat, reformator szkolnictwa. Założyciel warszawskiego Collegium Nobilium. W dziele "O skutecznym rad sposobie" opisał wady polskiego parlamentaryzmu (m.in. liberum veto) i zaproponował sposób ich naprawy. Stanisław Konarski
28%
Jezuita, biskup, literat, "ojciec polskiego klasycyzmu" w literaturze. Prekursor badań nad Słowiańszczyzną. Adam Naruszewicz
17%
Znani bracia-naukowcy. Starszy - polihistor, empiryk (kojarzony z zawoalowaną w balladzie "Romantyczność" krytyką ze strony Mickiewicza). Młodszy - lekarz, chemik, autor pierwszego polskiego podręcznika chemii. Jan i Jędrzej Śniadeccy
17%
Poeta, buntownik, skandalista "epoki stanisławowskiej". Znany z libertyńskich i antyklerykalnych przekonań. Stanisław Trembecki
11%
Aktor i reżyser. Dyrektor Teatru Narodowego w Warszawie. Ukształtował oblicze polskiego teatru w tzw. "epoce stanisławowskiej". Wojciech Bogusławski
11%
Duchowny, jezuita, pedagog, działacz oświatowy, reformator edukacji. Sekretarz Towarzystwa do Ksiąg Elementarnych. Autor postępowego "Elementarza dla szkół parafialnych". Grzegorz Piramowicz
6%
Nie znaleziono quizów pasujących do podanych kryteriów
Rozkład punktacji
Procent ludzi z każdym wynikiem
Percentyl według liczby udzielonych odpowiedzi
Twoja historia wyników
Nie rozwiązałeś tego quizu